000 00501nam a2200205Ia 4500
003 0100
008 130227s9999 xx 000 0 und d
040 _cARRUPELIB
050 _aR131.W472 2006
100 _aBynum, W.F.
245 4 _aThe Western medical tradition 1800 to 2000
260 _aCambridge
260 _bCambridge University Press
260 _C2006
300 _axiii
300 _b 614p. 25cm.
650 _bParthenon - Sculptures
650 _cElgin marbles
942 _2lcc
_02
999 _c6509
_d6509